|
|
|
|
| LEADER |
00000cam a2200000 a 4500 |
| 001 |
vtls001077415 |
| 003 |
SK-MaSNL |
| 005 |
20260302063950.0 |
| 008 |
240226s1994 xo gr 000 f slo |
| 015 |
|
|
|a SNBA1995/01
|
| 020 |
|
|
|a 8085352303
|q (viazané)
|
| 035 |
|
|
|a SNK000020249
|
| 040 |
|
|
|a SNK
|b slo
|c SNK
|e AACR2
|
| 041 |
1 |
|
|a slo
|h eng
|
| 044 |
|
|
|a xo
|c SK
|
| 072 |
|
7 |
|a 821.111(73)-3
|x Americká próza
|2 konspekt
|
| 080 |
|
|
|a 820 (73)-3
|2 1981
|
| 080 |
|
|
|a 821.111(73)-31
|2 2011
|
| 080 |
|
|
|a (0:82-312.5)
|2 2011
|
| 100 |
1 |
|
|a Steel, Danielle,
|d 1947-
|4 aut
|9 192175
|
| 240 |
1 |
0 |
|a Going Home
|l Slovensky
|
| 245 |
1 |
0 |
|a Cesta domov
|c Danielle Steel ; z anglického originálu Going Home ... preložila Dana Oravcová
|
| 250 |
|
|
|a 1. vyd.
|
| 260 |
|
|
|a Bratislava
|b Remedium
|c 1994
|
| 300 |
|
|
|a 287 strán
|c 21 cm
|
| 655 |
|
7 |
|a americké romány
|2 SNKPH
|9 1174
|
| 655 |
|
7 |
|a romány pre ženy
|2 SNKPH
|9 113269
|
| 700 |
1 |
|
|a Oravcová, Dana
|4 trl
|9 8895
|
| 852 |
|
|
|a Slovenská národná knižnica
|
| 919 |
|
|
|a 80-85352-30-3
|
| 954 |
|
|
|a beletria cudzojazyčná (svetová)
|2 lita
|
| 958 |
|
|
|a LX
|
| 958 |
|
|
|a UC
|
| 958 |
|
|
|a TL
|
| 958 |
|
|
|a UP
|
| 958 |
|
|
|a NS
|
| 968 |
|
|
|b ENG
|
| 999 |
|
|
|c 1135021
|d 1136951
|
| 952 |
|
|
|a SNK
|b SNK
|y PREZ
|7 0
|p 17A1015602
|o snkSC 87296
|i snkKSP 437/95
|0 0
|1 0
|4 0
|d 2012-08-28
|f 1
|l 0
|r 2026-02-24 19:16:09
|w 2026-02-24
|
| 952 |
|
|
|a SNK
|b SNK
|y PREZ
|7 0
|p 17A0068920
|o snkSC 87296 D1
|0 0
|1 0
|4 0
|d 1997-06-03
|l 0
|r 2004-12-31 00:00:00
|w 2026-02-24
|